00866na a2200229 450000100060000000300080000600500170001400800410003103500100007204000250008204100080010708200230011524501850013826000600032330000190038363000490040265000230045165000450047465000400051965000340055971000430059316029MIRAKIL20181213154957.0161013b tu 000 0  a16029 aMilasbturcTR-AnCHP atur a811.4208bM32 2008 aMedya okuryazarlığı şiir kitabıbİlköğretim Öğrencileri arasında düzenlenen medya okuryazarlığı konulu şiir yarışmasında ödül alan eserlercRTÜK aAnkarabRadyo ve Televizyon Üst Kurulu (RTÜK)c2012 a126 s.c24 sm. aMedya Okuryazarlığı Şiir Yarışması aÇocuk şiirleri aKitle iletişim araçları, Edebiyatta aMedya okuryazarlığı, Edebiyatta aTürkçe şiirxSeçkiler aRadyo Televizyon Üst Kurulu (RTÜK)